000
00247nmm a2200085Ia 4500
008
220120s9999||||xx |||||||||||||||||und||
100
_a
Digit
245
0
_a
Coverage, tutorials, trimble sketch up, games
260
_a
Nine dot nine interactive ltd.
_c
2013
999
_c
139838
_d
139838